00753cam a22002173a 450000100060000000300060000600500170001200800410002904000150007004200070008505000090009210000420010124501580014326000290030150600300033051600200036065300500038065300340043083000290046485600420049331331PGUSA20140828083658.0100220s2010||||xxu|||||s|||||000 | eng d aPGUSAbeng adc 4aE1511 aGrimké, Archibald Henry,d1849-193014aThe Ballotless Victim of One-Party Governments :bThe American Negro Academy, Occasional Papers No. 16h[electronic resource] /cArchibald Henry Grimké bProject Gutenberg,c2010 aPublic domain in the USA. aElectronic text aAfrican Americans -- Legal status, laws, etc. aAfrican Americans -- Suffrage 0aProject Gutenbergv3133140uhttp://www.gutenberg.org/ebooks/31331